00293nam a2200109Ia 4500008004100000020001300041100001900054245004300073250001100116260003700127300001900164180219s9999 xx 000 0 und d a71122648 aSeeley, Rod R. aEssentials of anatomy and physiology / a4th ed aNew york CitybMcGraw Hillc2002 aiii, 644 pages